Los murcielagos de Colombia : (Registro nro. 2601)

Detalles MARC
000 -CABECERA
Campo de control 00839cam a2200241 i 4500
005 - FECHA Y HORA DE LA ULTIMA TRANSACCION
Campo de control 20160123160245.0
008 - ELEMENTOS DE LONGITUD FIJA—INFORMACION GENERAL
Campo de control 030128s2001 ck abo r 000 0 spa d
015 ## - NATIONAL BIBLIOGRAPHY NUMBER
National bibliography number SSS
020 ## - ISBN
ISBN 9586555240
040 ## - FUENTE DE CATALOGACIÓN
Agencia catalogadora original CO-BoPUJ
Agencia transcriptora CO-BoIAVH
Agencia Modificadora CO-BoIAVH
041 0# - IDIOMA
Código de idioma para texto/pista de sonido o título separado Español
043 ## - GEOGRAPHIC AREA CODE
Geographic area code s-ck---
044 ## - PAÍS DE PUBLICACIÓN
País de publicación Colombia
082 04 - NUMERO DE CLASIFICACION DECIMAL DEWEY
Número de clasificación 599.4
Número del ítem M97m
100 1# - ASIENTO PRINCIPAL--NOMBRE PERSONAL
Nombre personal Muñoz Arango, Javier
9 (RLIN) 16686
245 14 - MENCION DE TITULO
Título Los murcielagos de Colombia :
Parte restante del título sistemática, distribución, descripción, historia natural y ecología /
Mención de responsabilidad Javier Muñoz Arango
260 ## - PUBLICACION, DISTRIBUCION, ETC. (PIE DE IMPRENTA)
Lugar de publicación, distribución, etc. Medellín :
Nombre del editor, distribuidor, etc. Universidad de Antioquia,
Fecha de publicación, distribución, etc. 2001.
300 ## - DESCRIPCION FISICA
Extensión xvii, 391 páginas :
Otros detalles físicos ilustraciones, fotos y mapas ;
Dimensiones 23 cm.
490 00 - MENCION DE SERIE
Mención de serie Ciencia y tecnología
504 ## - NOTA DE BIBLIOGRAFIA, ETC.
Nota de bibliografía Incluye referencias bibliográficas e índice.
650 14 - ASIENTO SECUNDARIO DE MATERIA - TERMINO TEMATICO
Término temático o nombre geográfico como elemento de entrada Murciélagos
Subdivisión de forma Clasificación
Subdivisión geográfica Colombia
9 (RLIN) 54514
942 ## - ELEMENTOS ADICIONALES (KOHA)
Sistema de clasificación Dewey Decimal Classification
Tipo de ítem Libro
Existencias
Withdrawn status Lost status Sistema de Clasificación Damaged status No para préstamo Colección Inventariado Ubicación Permanente Ubicación actual Fecha de adquisición Fuente de Valor Valor Total Checkouts Número topográfico Inventario / Código de Barras Date last seen Date checked out Ejemplar Price effective from Forma de adquisición Tipo de material
    Dewey Decimal Classification     General Inventariado 2017 Bogotá Bogotá 10/05/2002 Instituto 39000.00 1 LB-599.4 M97m 003186 12/03/2018 15/02/2018 Ej. 1 04/12/2012   Libro